Fast Typing Z-A - Statistics

General Stats
  • This quiz has been taken 11 times
  • The average score is 11 of 26
Answer Stats
Letter % Correct
Z
100%
V
67%
W
67%
X
67%
Y
67%
P
50%
Q
50%
R
50%
S
50%
T
50%
U
50%
E
33%
F
33%
G
33%
H
33%
I
33%
J
33%
K
33%
L
33%
M
33%
N
33%
O
33%
A
17%
B
17%
C
17%
D
17%
No matching quizzes found
Score Distribution
Percent of People with Each Score
Percentile by Number Answered
Your Score History
You have not taken this quiz